01690 a2200193 45000010006000000050017000060080041000230030015000640400040000790800024001192450037001430200018001802640041001983000017002395051080002560410008013361000026013448560126013702890920260407155557.0260407a1999 arg spa dAR-UNSa-BCEJYS aAR-UNSa-BCEJYSbspacAR-UNSa-BCEJYS a347.627.2xDivorcio10aSeparación personal y divorcio a950-20-1227-5 1aBuenos Aires :bAbeledo Perrotc1999 a2 v.c23 cm. aVol I: 1. Nociones generales - 2. Valoración del divorcio - 3. Separación personal y divorcio - 4. De la separación personal - 5. Causas de separación personal, que no tienen que ver con la culpa - 6. Efectos de la separación personal - 7. Efectos patrimoniales - 8. Efectos patrimoniales(continuación) - 9. Efectos patrimoniales(continuación) -- Vol II: 10. Efectos respecto de los hijos - 11. De la disolución del vínculo patrimonial - 12. Del divorcio - 13. Cuestiones procesales en los juicios de separación personal y de divorcio - 14. Cuestiones conexas a la acción de separación o de divorcio, que pueden ser resueltas al comienzo del juicio - 15. El procedimiento contencioso en los juicios de separación personal y de divorcio - 16. Sobre la presentación conjunta de los cónyuges peticionando el divorcio o la separación personal - 17. Conversión de la sentencia de separación personal en divorcio vincular - 18. Medidas cautelares para asegurar los derechos patrimoniales de los cónyuges - 19. Reconciliación de los conyuges  aspa1 aSambrizzi, Eduardo A.41uhttps://biblioeco.unsa.edu.ar/pmb/images/libros/Separaci?n Personal y Divorcio-l119988.jpgyImagen de portadaqimage/jpeg